00621 2200181 4500245002700000020002200027250001100049100001600060700001900076650002000095005001900115260002700134041001400161084001100175300002700186500021700213336000900430 aMaycSandi FirlyhText a978-602-5713-96-5 aCet. 1 aSandi Firly aGita Romadhona aNovel Indonesia a20231002105329 aDepokbKataDepanc2019 aIndonesia a808.83 avi, 270 hlm. :c19 cm. aMay membisiki kin tentang empat pengunjung setia kedai yang kehidupan mereka bersilangan pak tua yang kehilangan anaknya dalam huru-hara, perempuan deasa istri pengusaha batu bara yang menjadi liar karena dimadu. atext